Régions françaises et gastronomie - Statistiques

Statistiques générales
  • Ce quiz a été pris 258 fois
    245 depuis la dernière actualisation
  • Le résultat moyen est 10 sur 20
Statistiques - réponses
Plat Région % Correct
Kouign-amann Bretagne
84%
Quiche Grand Est
82%
Choucroute Grand Est
78%
Bouillabaisse Provence-Alpes-Côte-d'Azur
78%
Cassoulet Occitanie
71%
Aligot Auvergne-Rhône-Alpes / Occitanie
70%
Moutarde Bourgogne
66%
Pissaladière Provence-Alpes-Côte-d'Azur
63%
Canelé Nouvelle-Aquitaine
62%
Croziflette Auvergne-Rhône-Alpes
52%
Welsh Hauts-de-France
49%
Rillettes Pays de la Loire
49%
Bêtises Hauts-de-France
41%
Truffe Noir Nouvelle-Aquitaine
33%
Teurgoule Normandie
24%
Tarte Tatin Centre-Val-de-Loire
17%
Grimolle Nouvelle-Aquitaine
17%
Tourton Provence-Alpes-Côte-d'Azur
17%
Rousquille Occitanie
16%
Millas Occitanie
14%
Aucun quiz correspondant
Distribution des résultats
% des personnes avec chaque résultat
Percentile par nombre de réponses
Votre historique - résultats
Vous n’avez pas pris ce quiz depuis la dernière actualisation